<?xml version="1.0" encoding="UTF-8"?>
<record
    xmlns:xsi="http://www.w3.org/2001/XMLSchema-instance"
    xsi:schemaLocation="http://www.loc.gov/MARC21/slim http://www.loc.gov/standards/marcxml/schema/MARC21slim.xsd"
    xmlns="http://www.loc.gov/MARC21/slim">

  <leader>02635cam a2200289 i 4500</leader>
  <datafield tag="999" ind1=" " ind2=" ">
    <subfield code="c">27282</subfield>
    <subfield code="d">27282</subfield>
  </datafield>
  <controlfield tag="006">m     o  d        </controlfield>
  <controlfield tag="007">cr |n|||||||||</controlfield>
  <controlfield tag="008">200827t20202020ne ab   ob    001 0 eng d</controlfield>
  <datafield tag="020" ind1=" " ind2=" ">
    <subfield code="a">9780128142677</subfield>
    <subfield code="q">(electronic bk.)</subfield>
  </datafield>
  <datafield tag="020" ind1=" " ind2=" ">
    <subfield code="a">0128142677</subfield>
    <subfield code="q">(electronic bk.)</subfield>
  </datafield>
  <datafield tag="040" ind1=" " ind2=" ">
    <subfield code="a">YDX</subfield>
    <subfield code="b">eng</subfield>
    <subfield code="e">rda</subfield>
    <subfield code="e">pn</subfield>
  </datafield>
  <datafield tag="082" ind1="0" ind2="4">
    <subfield code="a">577.6309794</subfield>
    <subfield code="2">23</subfield>
  </datafield>
  <datafield tag="100" ind1="1" ind2=" ">
    <subfield code="a">Los Huertos, Marc,</subfield>
  </datafield>
  <datafield tag="245" ind1="1" ind2="0">
    <subfield code="a">Ecology and management of inland waters :</subfield>
    <subfield code="b">a Californian perspective with global applications /</subfield>
  </datafield>
  <datafield tag="260" ind1=" " ind2=" ">
    <subfield code="a">Singapore :</subfield>
    <subfield code="b">Elsevier,</subfield>
    <subfield code="c">2020.</subfield>
  </datafield>
  <datafield tag="300" ind1=" " ind2=" ">
    <subfield code="a">1 online resource (xlii, 502 pages) :</subfield>
    <subfield code="b">illustrations, maps</subfield>
  </datafield>
  <datafield tag="504" ind1=" " ind2=" ">
    <subfield code="a">Includes bibliographical references (pages 467-471) and index.</subfield>
  </datafield>
  <datafield tag="505" ind1="0" ind2=" ">
    <subfield code="a">Part 1: Coevolving aquascapes: Coevolution of biota, geology, and climate -- Archeology of inland waters. -- Part 2: The ecological theater and the evolutionary play: The players : evolving aquatic species -- The rules : population growth and competition -- The roles : beyond competition -- The matrix : the physical and chemical properties of water -- The stage : typologies of aquatic systems -- The plot : community dynamics and trophic interactions. -- Part 3: Water in the Anthropocene: Developing and appropriating water -- Water quality and catchments -- Biogeochemistry and global change -- Conservation and restoration -- Crossing the divides : the mismatch between political and watershed boundaries -- Unfinished business : futures and inland waters.</subfield>
  </datafield>
  <datafield tag="520" ind1=" " ind2=" ">
    <subfield code="a">Ecology and Management of Inland Waters: A Californian Perspective with Global Applications presents the geologic history and physical characteristics of aquatic ecology. The author draws on his research from the inland waters of California and applies this to other areas, including Mediterranean climate systems, the tropics, and even South Africa. The endorheic basins covered in this text can be found in 30% of the US, including the Aral Sea, which is a fascinating case study that provides an important warning for other locations. The author also covers Zebra Mussels, which are set to soon be a permanent population in California. The book is authored by an expert in the field who covers a very wide and interdisciplinary subject area which brings a holistic view to this complex discipline. --</subfield>
  </datafield>
  <datafield tag="650" ind1=" " ind2="0">
    <subfield code="a">Freshwater ecology</subfield>
    <subfield code="z">California.</subfield>
  </datafield>
  <datafield tag="650" ind1=" " ind2="6">
    <subfield code="a">&#xFFFD;Ecologie d'eau douce</subfield>
    <subfield code="z">Californie.</subfield>
  </datafield>
  <datafield tag="650" ind1=" " ind2="7">
    <subfield code="a">Freshwater ecology</subfield>
    <subfield code="2">fast</subfield>
  </datafield>
  <datafield tag="651" ind1=" " ind2="7">
    <subfield code="a">California</subfield>
    <subfield code="2">fast</subfield>
  </datafield>
  <datafield tag="776" ind1="0" ind2="8">
    <subfield code="i">Print version:</subfield>
    <subfield code="z">0128142669</subfield>
    <subfield code="z">9780128142660</subfield>
    <subfield code="w">(OCoLC)1108514194</subfield>
  </datafield>
  <datafield tag="856" ind1="4" ind2="0">
    <subfield code="u">https://www.sciencedirect.com/science/book/9780128142660</subfield>
  </datafield>
  <datafield tag="942" ind1=" " ind2=" ">
    <subfield code="c">EBK</subfield>
  </datafield>
</record>
